[Event "IBM"]
[Site "Amsterdam"]
[Date "1974.??.??"]
[Round "8"]
[White "Langeweg, Kristian"]
[Black "Velimirovic, Dragoljub"]
[Result "1-0"]
[WhiteElo "2390"]
[BlackElo "2530"]
[PlyCount "79"]
[EventDate "1974.07.??"]
[EventType "tourn"]
[EventRounds "15"]
[EventCountry "NED"]
[EventCategory "11"]
[Source "ChessBase"]
[SourceDate "1999.07.01"]
[WhiteTeamCountry "YUG"]
[BlackTeamCountry "FIN"]

1. c4 g6 2. d4 Bg7 3. e4 c5 4. Nf3 cxd4 5. Nxd4 Nc6 6. Be3 d6 7. Be2 Nh6 8. Qd2
Ng4 9. Bxg4 Bxg4 10. Nc3 O-O 11. O-O Bd7 12. f4 Rc8 13. b3 Qa5 14. Rac1 f5 15.
exf5 gxf5 16. Nde2 Be6 17. Ng3 Rfd8 18. Rfd1 Bf7 19. Nb5 Qxd2 20. Rxd2 a6 21.
Nc3 e6 22. Bb6 Rd7 23. Na4 Nb8 24. Rcd1 Rc6 25. Ba7 Rd8 26. Bb6 Rd7 27. Kf1 Bf8
28. Rd3 Be7 29. R1d2 Kf8 30. Ne2 Rc8 31. Bf2 Re8 32. c5 d5 33. Nd4 Rc7 34. Re2
Bf6 35. b4 Nc6 36. Nxc6 bxc6 37. Bd4 Bxd4 38. Rxd4 Rb8 39. a3 Ke7 40. Nb6 1-0

[Event "IBM"]
[Site "Amsterdam"]
[Date "1974.??.??"]
[Round "9"]
[White "Velimirovic, Dragoljub"]
[Black "Ivkov, Borislav"]
[Result "1/2-1/2"]
[WhiteElo "2530"]
[BlackElo "2530"]
[PlyCount "31"]
[EventDate "1974.07.??"]
[EventType "tourn"]
[EventRounds "15"]
[EventCountry "NED"]
[EventCategory "11"]
[Source "ChessBase"]
[SourceDate "1999.07.01"]
[WhiteTeamCountry "YUG"]
[BlackTeamCountry "FIN"]

1. e4 e5 2. d4 d6 3. dxe5 dxe5 4. Qxd8+ Kxd8 5. Bc4 Be6 6. Bxe6 fxe6 7. Be3 Nf6
8. f3 Nbd7 9. Nd2 Bb4 10. O-O-O Ke7 11. Ne2 b5 12. Kb1 Bc5 13. Bxc5+ Nxc5 14.
Nb3 Nb7 15. c4 c6 16. Rc1 1/2-1/2

[Event "IBM"]
[Site "Amsterdam"]
[Date "1974.??.??"]
[Round "10"]
[White "Timman, Jan H"]
[Black "Velimirovic, Dragoljub"]
[Result "1-0"]
[WhiteElo "2540"]
[BlackElo "2530"]
[PlyCount "68"]
[EventDate "1974.07.??"]
[EventType "tourn"]
[EventRounds "15"]
[EventCountry "NED"]
[EventCategory "11"]
[Source "ChessBase"]
[SourceDate "1999.07.01"]
[WhiteTeamCountry "YUG"]
[BlackTeamCountry "FIN"]

1. c4 c5 2. b3 Nc6 3. Bb2 e5 4. Nc3 d6 5. g3 g6 6. Bg2 Bg7 7. e3 Nge7 8. d3 h5
9. Nf3 Nf5 10. h3 Be6 11. Nd5 h4 12. g4 Nh6 13. a3 f5 14. gxf5 gxf5 15. Rg1 Bf6
16. Bh1 Bxd5 17. cxd5 Ne7 18. Ng5 Bxg5 19. Rxg5 Nf7 20. Rh5 Rxh5 21. Qxh5 Qa5+
22. Kd1 Qb5 23. Kc2 e4 24. dxe4 c4 25. b4 a5 26. a4 Qxb4 27. Bc3 Qb3+ 28. Kd2
b5 29. axb5 Qxb5 30. exf5 Rb8 31. f6 Nc6 32. Be4 Ncd8 33. Rb1 Qxb1 34. Bxb1
Rxb1 1-0

[Event "IBM"]
[Site "Amsterdam"]
[Date "1974.??.??"]
[Round "13"]
[White "Velimirovic, Dragoljub"]
[Black "Sosonko, Gennadi"]
[Result "1-0"]
[WhiteElo "2530"]
[BlackElo "2450"]
[PlyCount "69"]
[EventDate "1974.07.??"]
[EventType "tourn"]
[EventRounds "15"]
[EventCountry "NED"]
[EventCategory "11"]
[Source "ChessBase"]
[SourceDate "1999.07.01"]
[WhiteTeamCountry "YUG"]
[BlackTeamCountry "FIN"]

1. e4 c5 2. Nf3 d6 3. c3 Nf6 4. Bd3 Nc6 5. Bc2 Bg4 6. h3 Bh5 7. d3 e6 8. Nbd2
Be7 9. Qe2 d5 10. a3 Nd7 11. Nf1 Nde5 12. Ng3 Nxf3+ 13. gxf3 Bg6 14. f4 Qd7 15.
h4 h5 16. b4 Bf6 17. Bb2 cxb4 18. axb4 Nxb4 19. Ba4 b5 20. cxb4 Bxb2 21. Qxb2
bxa4 22. Qxg7 O-O-O 23. O-O Kb7 24. b5 dxe4 25. Rxa4 exd3 26. Qa1 a5 27. bxa6+
Ka8 28. a7 d2 29. Rb4 Rhg8 30. Rd1 Qd3 31. Qb2 Qa6 32. Rxd2 Kxa7 33. Qa2 Rxd2
34. Qxd2 Bd3 35. Kh2 1-0

[Event "IBM"]
[Site "Amsterdam"]
[Date "1974.??.??"]
[Round "14"]
[White "Velimirovic, Dragoljub"]
[Black "Ree, Hans"]
[Result "1-0"]
[WhiteElo "2530"]
[BlackElo "2425"]
[PlyCount "149"]
[EventDate "1974.07.??"]
[EventType "tourn"]
[EventRounds "15"]
[EventCountry "NED"]
[EventCategory "11"]
[Source "ChessBase"]
[SourceDate "1999.07.01"]
[WhiteTeamCountry "YUG"]
[BlackTeamCountry "FIN"]

1. e4 c5 2. Nf3 d6 3. d4 cxd4 4. Nxd4 Nf6 5. Nc3 e6 6. Bc4 a6 7. Bb3 b5 8. Qe2
Be7 9. Be3 O-O 10. O-O-O b4 11. Na4 Bd7 12. e5 dxe5 13. Nf3 Bb5 14. Rxd8 Bxe2
15. Rxf8+ Bxf8 16. Nxe5 Nbd7 17. Nxd7 Nxd7 18. f4 Rc8 19. Re1 Bb5 20. g3 Bxa4
21. Bxa4 Nc5 22. Bxc5 Bxc5 23. Re4 Rd8 24. c3 bxc3 25. bxc3 Kf8 26. Kc2 g6 27.
Bb3 Ke7 28. g4 Kd6 29. Ra4 Ra8 30. f5 gxf5 31. gxf5 exf5 32. Rh4 Ke5 33. Bxf7
Rc8 34. Rxh7 Bd4 35. c4 Rb8 36. Rh6 Rb2+ 37. Kd3 Bg1 38. h4 Rxa2 39. c5 Ra3+
40. Kc4 Ra1 41. Re6+ Kf4 42. c6 Bb6 43. h5 Rh1 44. h6 Kg3 45. Rf6 f4 46. Bd5
Rh4 47. Be4 Kf2 48. h7 Ke3 49. Rf8 Kxe4 50. h8=Q Rxh8 51. Rxh8 Ke5 52. Rf8 Kd6
53. Rf6+ Ke5 54. Rh6 f3 55. Rh8 f2 56. Rf8 Kd6 57. Rf6+ Ke5 58. Rxf2 Kd6 59.
Rf6+ Kc7 60. Kd5 Bg1 61. Rh6 Bf2 62. Rg6 Be3 63. Rg4 Bd2 64. Re4 a5 65. Re7+
Kc8 66. Rf7 a4 67. Rf2 Ba5 68. Rf3 Kc7 69. Rg3 Bd2 70. Rg7+ Kc8 71. Rg4 Ba5 72.
Rxa4 Be1 73. Rg4 Kc7 74. Rg7+ Kc8 75. c7 1-0

[Event "IBM"]
[Site "Amsterdam"]
[Date "1974.??.??"]
[Round "15"]
[White "Lombardy, William James"]
[Black "Velimirovic, Dragoljub"]
[Result "0-1"]
[WhiteElo "2520"]
[BlackElo "2530"]
[PlyCount "102"]
[EventDate "1974.07.??"]
[EventType "tourn"]
[EventRounds "15"]
[EventCountry "NED"]
[EventCategory "11"]
[Source "ChessBase"]
[SourceDate "1999.07.01"]
[WhiteTeamCountry "YUG"]
[BlackTeamCountry "FIN"]

1. d4 c5 2. d5 Nf6 3. c4 g6 4. Nc3 Bg7 5. e4 d6 6. Nf3 O-O 7. Be2 e6 8. O-O
exd5 9. cxd5 Re8 10. Nd2 Nbd7 11. Qc2 Ne5 12. b3 a6 13. a4 Nfg4 14. h3 Nh6 15.
f4 Neg4 16. Nf3 Qa5 17. Bd2 Ne3 18. Bxe3 Qxc3 19. Qxc3 Bxc3 20. Rac1 Bb2 21.
Rc2 Rxe4 22. Bxc5 dxc5 23. Rxb2 Nf5 24. Rc1 Rxf4 25. Rxc5 Nd6 26. Ne5 Bf5 27.
Nc4 Ne4 28. Rc7 Re8 29. d6 b5 30. axb5 axb5 31. d7 Bxd7 32. Rxd7 Ng3 33. Rdd2
h5 34. Bf3 bxc4 35. bxc4 Rxc4 36. Rd1 Re7 37. Kf2 h4 38. Rbd2 Kg7 39. Kg1 f5
40. Kf2 Kf6 41. Rd5 Rc2+ 42. R1d2 Rxd2+ 43. Rxd2 Ke5 44. Rd5+ Kf4 45. Rd4+ Ne4+
46. Bxe4 fxe4 47. Rd6 e3+ 48. Ke2 g5 49. Rd5 Re4 50. Ra5 Rd4 51. Ra2 Rd2+ 0-1

[Event "Kragujevac"]
[Site "Kragujevac"]
[Date "1974.10.??"]
[Round "1"]
[White "Nikolic, Stanimir"]
[Black "Velimirovic, Dragoljub"]
[Result "1-0"]
[WhiteElo "2405"]
[BlackElo "2530"]
[PlyCount "87"]
[EventDate "1974.10.06"]
[EventType "tourn"]
[EventRounds "15"]
[EventCountry "YUG"]
[EventCategory "8"]
[Source "ChessBase"]
[SourceDate "1998.11.10"]
[WhiteTeamCountry "YUG"]
[BlackTeamCountry "FIN"]

1. e4 c5 2. Nf3 d6 3. d4 cxd4 4. Nxd4 Nf6 5. Nc3 g6 6. Be2 Bg7 7. O-O Nc6 8.
Nb3 O-O 9. f4 b5 10. Bf3 Qb6+ 11. Kh1 b4 12. Nd5 Nxd5 13. exd5 Na5 14. Nd2 Ba6
15. Re1 Rae8 16. a3 b3 17. cxb3 e5 18. b4 Nc4 19. Nxc4 Bxc4 20. Be3 Qa6 21.
fxe5 Rxe5 22. Qd2 Rfe8 23. h3 Rxe3 24. Rxe3 Rxe3 25. Qxe3 Bxb2 26. Qe8+ Kg7 27.
Re1 Qxa3 28. Qe3 Qxe3 29. Rxe3 Bf6 30. Be2 Bxe2 31. Rxe2 Bc3 32. b5 h5 33. g3
Be5 34. Kg2 f5 35. h4 Kf6 36. Kf3 g5 37. hxg5+ Kxg5 38. Rc2 Bd4 39. Rc8 Kf6 40.
Re8 Kg5 41. Rd8 Kf6 42. Rxd6+ Ke5 43. Rd7 Bc5 44. Rf7 1-0

[Event "Kragujevac"]
[Site "Kragujevac"]
[Date "1974.10.??"]
[Round "2"]
[White "Velimirovic, Dragoljub"]
[Black "Vaganian, Rafael"]
[Result "0-1"]
[WhiteElo "2530"]
[BlackElo "2540"]
[PlyCount "114"]
[EventDate "1974.10.06"]
[EventType "tourn"]
[EventRounds "15"]
[EventCountry "YUG"]
[EventCategory "8"]
[Source "ChessBase"]
[SourceDate "1998.11.10"]
[WhiteTeamCountry "YUG"]
[BlackTeamCountry "FIN"]

1. e4 e6 2. d4 d5 3. Nd2 c5 4. Ngf3 Nc6 5. exd5 exd5 6. Bb5 Bd6 7. O-O cxd4 8.
Nb3 Nge7 9. Bxc6+ bxc6 10. Qxd4 O-O 11. Bf4 Nf5 12. Qd2 Qb6 13. Bxd6 Nxd6 14.
a4 Ne4 15. Qd4 Be6 16. a5 Qb5 17. Qd3 Qb4 18. Nfd4 c5 19. Qb5 Qxb5 20. Nxb5
Rfc8 21. f3 Nf6 22. a6 d4 23. Na5 Nd5 24. c3 Ne3 25. Rf2 d3 26. Rd2 c4 27. Nd4
Rc5 28. Nxe6 fxe6 29. Ra4 Rac8 30. Kf2 Nd5 31. Nb7 R5c6 32. Na5 R6c7 33. Nb7
Rd7 34. Ra5 Rc6 35. Nc5 Rdd6 36. Ne4 Rd8 37. Rb5 Rxa6 38. Rc5 Nb6 39. Rc6 e5
40. Nd6 Ra4 41. h4 Kf8 42. h5 g6 43. hxg6 hxg6 44. Ne4 Rd5 45. Rxg6 Ra2 46. Kg3
Rb5 47. Kg4 Nd5 48. Rd6 Ke7 49. g3 Ne3+ 50. Kg5 Rbxb2 51. Rxb2 Rxb2 52. f4 exf4
53. Kxf4 Re2 54. Rd4 a5 55. Nc5 Ng2+ 56. Kf3 Ne1+ 57. Kf4 d2 0-1

[Event "Kragujevac"]
[Site "Kragujevac"]
[Date "1974.10.??"]
[Round "3"]
[White "Tseitlin, Mark"]
[Black "Velimirovic, Dragoljub"]
[Result "1/2-1/2"]
[WhiteElo "2480"]
[BlackElo "2530"]
[PlyCount "81"]
[EventDate "1974.10.06"]
[EventType "tourn"]
[EventRounds "15"]
[EventCountry "YUG"]
[EventCategory "8"]
[Source "ChessBase"]
[SourceDate "1998.11.10"]
[WhiteTeamCountry "YUG"]
[BlackTeamCountry "FIN"]

1. e4 c5 2. Nf3 d6 3. d4 cxd4 4. Nxd4 Nf6 5. Nc3 g6 6. Be3 Bg7 7. f3 O-O 8. Qd2
Nc6 9. O-O-O d5 10. Nxc6 bxc6 11. Bh6 Bxh6 12. Qxh6 e5 13. Qg5 Qe7 14. f4 Re8
15. exd5 exf4 16. Qxf4 Nxd5 17. Nxd5 cxd5 18. Bb5 Bd7 19. Bxd7 Qxd7 20. Rd2 Qc6
21. Rhd1 Qc4 22. Qxc4 dxc4 23. c3 Kg7 24. Rd7 Re2 25. R1d2 Rxd2 26. Kxd2 Rb8
27. Kc2 Re8 28. Rd2 f5 29. b3 cxb3+ 30. axb3 f4 31. c4 Kf6 32. c5 g5 33. Kc3 g4
34. b4 Kf5 35. Rd7 Re3+ 36. Kc4 Re2 37. c6 Rxg2 38. Rxh7 Ke6 39. Kd3 Rg1 40.
Kd2 Rg2+ 41. Kd3 1/2-1/2

[Event "Kragujevac"]
[Site "Kragujevac"]
[Date "1974.10.??"]
[Round "4"]
[White "Ciocaltea, Victor"]
[Black "Velimirovic, Dragoljub"]
[Result "1-0"]
[WhiteElo "2470"]
[BlackElo "2530"]
[PlyCount "81"]
[EventDate "1974.10.06"]
[EventType "tourn"]
[EventRounds "15"]
[EventCountry "YUG"]
[EventCategory "8"]
[Source "ChessBase"]
[SourceDate "1998.11.10"]
[WhiteTeamCountry "YUG"]
[BlackTeamCountry "FIN"]

1. e4 c5 2. Nf3 d6 3. d4 cxd4 4. Qxd4 a6 5. c4 Nc6 6. Qd2 g6 7. b3 Bg7 8. Nc3
Bg4 9. Bb2 Bxf3 10. gxf3 Nd4 11. O-O-O Nxf3 12. Qd3 Ne5 13. Qe3 Nd7 14. Kb1
Ngf6 15. f4 Qc7 16. Bg2 O-O 17. Rhe1 Bh6 18. Qf2 Rad8 19. e5 dxe5 20. fxe5 Nxe5
21. Qg3 Rxd1+ 22. Nxd1 Nfd7 23. Bxe5 Nxe5 24. Qxe5 Qb6 25. Qxe7 Bg7 26. Qe3 Qf6
27. Kc2 b5 28. Bd5 b4 29. Re2 Qa1 30. Kd2 Qxa2+ 31. Ke1 Qa1 32. Qd3 a5 33. Kf1
a4 34. bxa4 Qxa4 35. c5 Qa5 36. c6 Qc7 37. Qe4 Qd6 38. Ne3 Ra8 39. Kg2 Rd8 40.
Rf2 Kh8 41. Rxf7 1-0

[Event "Kragujevac"]
[Site "Kragujevac"]
[Date "1974.10.??"]
[Round "5"]
[White "Velimirovic, Dragoljub"]
[Black "Ostojic, Predrag"]
[Result "0-1"]
[WhiteElo "2530"]
[BlackElo "2485"]
[PlyCount "84"]
[EventDate "1974.10.06"]
[EventType "tourn"]
[EventRounds "15"]
[EventCountry "YUG"]
[EventCategory "8"]
[Source "ChessBase"]
[SourceDate "1998.11.10"]
[WhiteTeamCountry "YUG"]
[BlackTeamCountry "FIN"]

1. e4 c5 2. Nf3 e6 3. d4 cxd4 4. Nxd4 Nf6 5. Nc3 d6 6. Bc4 a6 7. Bb3 b5 8. Qe2
Be7 9. Be3 O-O 10. O-O-O Qc7 11. a3 Nbd7 12. g4 Nc5 13. f3 Rb8 14. g5 Nfd7 15.
Ba2 Re8 16. h4 Nf8 17. h5 Na4 18. Nxa4 bxa4 19. g6 fxg6 20. hxg6 hxg6 21. Qc4
Qxc4 22. Bxc4 Bf6 23. c3 Bb7 24. Ba2 Rbd8 25. Nc2 d5 26. exd5 Bxd5 27. Bxd5
exd5 28. Rd3 Re5 29. Bd4 Bg5+ 30. Kb1 Re2 31. Rg1 Ne6 32. Rg4 Kf7 33. Bg1 Bf4
34. Nb4 d4 35. Nc6 Rd6 36. Nxd4 Re1+ 37. Ka2 g5 38. b4 axb3+ 39. Kxb3 Nc5+ 40.
Kc4 Nxd3 41. Kxd3 Ra1 42. Be3 Bxe3 0-1

[Event "Kragujevac"]
[Site "Kragujevac"]
[Date "1974.10.??"]
[Round "6"]
[White "Bilek, Istvan"]
[Black "Velimirovic, Dragoljub"]
[Result "1-0"]
[WhiteElo "2475"]
[BlackElo "2530"]
[PlyCount "85"]
[EventDate "1974.10.06"]
[EventType "tourn"]
[EventRounds "15"]
[EventCountry "YUG"]
[EventCategory "8"]
[Source "ChessBase"]
[SourceDate "1998.11.10"]
[WhiteTeamCountry "YUG"]
[BlackTeamCountry "FIN"]

1. Nf3 c5 2. g3 Nc6 3. Bg2 g6 4. O-O Bg7 5. d3 d6 6. Nc3 e6 7. Bg5 f6 8. Bd2
Nh6 9. a3 Nf7 10. Rb1 O-O 11. b4 b6 12. e4 Bd7 13. Ne2 e5 14. c3 c4 15. d4 f5
16. dxe5 fxe4 17. Ne1 Bf5 18. e6 Nfe5 19. b5 Na5 20. Nd4 Qe7 21. f3 Bxe6 22. f4
Bg4 23. Qa4 Nd3 24. Nc6 Nxc6 25. Qxc4+ Be6 26. Qxe4 Nde5 27. bxc6 Nc4 28. Qd3
Kh8 29. Nf3 d5 30. Nd4 Qc5 31. Be3 Bg8 32. Bf2 Nxa3 33. Nf5 Qc4 34. Qxc4 Nxc4
35. Nxg7 Kxg7 36. Bd4+ Kh6 37. Rbe1 Rae8 38. g4 g5 39. f5 Bf7 40. Kf2 Nb2 41.
Kg3 Nd3 42. Rxe8 Rxe8 43. h4 1-0

[Event "Kragujevac"]
[Site "Kragujevac"]
[Date "1974.10.??"]
[Round "7"]
[White "Velimirovic, Dragoljub"]
[Black "Cukic, Rajko"]
[Result "0-1"]
[WhiteElo "2530"]
[BlackElo "2200"]
[PlyCount "79"]
[EventDate "1974.10.06"]
[EventType "tourn"]
[EventRounds "15"]
[EventCountry "YUG"]
[EventCategory "8"]
[Source "ChessBase"]
[SourceDate "1998.11.10"]
[WhiteTeamCountry "YUG"]
[BlackTeamCountry "FIN"]

1. e4 c5 2. Nf3 e6 3. d4 cxd4 4. Nxd4 Nf6 5. Nc3 d6 6. Bc4 Nc6 7. Be3 Be7 8.
Qe2 a6 9. O-O-O Qc7 10. Bb3 O-O 11. g4 Nxd4 12. Rxd4 Nd7 13. g5 b5 14. Rg1 Re8
15. Qh5 Nf8 16. Rd3 b4 17. Bd4 bxc3 18. Bxg7 Kxg7 19. Rxc3 Qa7 20. Rf3 Bd8 21.
Rg4 Ng6 22. Qh6+ Kg8 23. Ba4 Re7 24. e5 dxe5 25. Rgg3 e4 26. Rh3 Qd4 27. Qxh7+
Kf8 28. Rf6 Rd7 29. Qh6+ Ke8 30. Bxd7+ Bxd7 31. Qg7 Bxf6 32. gxf6 Kd8 33. Qxf7
Be8 34. Qxe6 Ra7 35. c3 Qd7 36. Qb6+ Qc7 37. Qd4+ Qd7 38. Qxe4 Qc6 39. Rd3+ Kc8
40. Qf5+ 0-1

[Event "Kragujevac"]
[Site "Kragujevac"]
[Date "1974.10.??"]
[Round "8"]
[White "Padevsky, Nikola"]
[Black "Velimirovic, Dragoljub"]
[Result "1/2-1/2"]
[WhiteElo "2480"]
[BlackElo "2530"]
[PlyCount "99"]
[EventDate "1974.10.06"]
[EventType "tourn"]
[EventRounds "15"]
[EventCountry "YUG"]
[EventCategory "8"]
[Source "ChessBase"]
[SourceDate "1998.11.10"]
[WhiteTeamCountry "YUG"]
[BlackTeamCountry "FIN"]

1. c4 c5 2. Nf3 g6 3. d4 Bg7 4. d5 Nf6 5. Nc3 O-O 6. e4 d6 7. Be2 e5 8. Bg5 h6
9. Bh4 Qd7 10. Nd2 Ne8 11. g4 Bf6 12. Bxf6 Nxf6 13. h3 Qe7 14. Nf1 Kg7 15. Qd2
Na6 16. Ng3 Nc7 17. Nd1 Bd7 18. g5 hxg5 19. Qxg5 Nfxd5 20. Qd2 Nf4 21. Ne3 Rh8
22. O-O-O Rxh3 23. Nef5+ Bxf5 24. Nxf5+ gxf5 25. Rdg1+ Kf8 26. Rxh3 Nxh3 27.
Qh6+ Ke8 28. Qxh3 Qf6 29. exf5 Ke7 30. Qf3 Rb8 31. Bd3 Qh4 32. Rg4 Qh8 33. Qg2
Qh5 34. Kc2 Rd8 35. Rg7 Qh6 36. Rh7 Qf6 37. Qxb7 Rd7 38. Qg2 d5 39. Kc1 e4 40.
Bc2 Qxf5 41. Rh4 Ne6 42. cxd5 Qxd5 43. Rxe4 Qd2+ 44. Kb1 Rd5 45. Re3 Rf5 46.
Qb7+ Kf6 47. Qe4 Rxf2 48. Qe5+ Ke7 49. Qxc5+ Kf6 50. Qe5+ 1/2-1/2

[Event "Kragujevac"]
[Site "Kragujevac"]
[Date "1974.10.??"]
[Round "9"]
[White "Velimirovic, Dragoljub"]
[Black "Janosevic, Dragoljub"]
[Result "1-0"]
[WhiteElo "2530"]
[BlackElo "2465"]
[PlyCount "95"]
[EventDate "1974.10.06"]
[EventType "tourn"]
[EventRounds "15"]
[EventCountry "YUG"]
[EventCategory "8"]
[Source "ChessBase"]
[SourceDate "1998.11.10"]
[WhiteTeamCountry "YUG"]
[BlackTeamCountry "FIN"]

1. e4 c5 2. Nf3 Nc6 3. d4 cxd4 4. Nxd4 Qc7 5. Nc3 e6 6. Be2 a6 7. O-O Nf6 8.
Kh1 Be7 9. f4 d6 10. Be3 O-O 11. a4 Nxd4 12. Qxd4 e5 13. Qd3 exf4 14. Bxf4 Be6
15. Rad1 Rfd8 16. Qg3 Qc5 17. Bh6 g6 18. Be3 Qe5 19. Bf4 Qc5 20. b4 Qxb4 21.
Rb1 Qc5 22. Rxb7 Rd7 23. Rxd7 Bxd7 24. e5 dxe5 25. Bxe5 Ng4 26. Bxg4 Bxg4 27.
Ne4 Qc4 28. Qf4 Qe6 29. Nf6+ Bxf6 30. Bxf6 Bf5 31. Qh4 Re8 32. h3 Rc8 33. c3
Rb8 34. Bd4 f6 35. Bxf6 h5 36. Bd4 Rb2 37. Qd8+ Kf7 38. Bc5 Qe2 39. Qf8+ Ke6
40. Qd6+ Kf7 41. Qf8+ Ke6 42. Qd6+ Kf7 43. Rf2 Rb1+ 44. Kh2 Qe8 45. Re2 Qb8 46.
Re7+ Kg8 47. Rc7 Re1 48. Rg7+ 1-0

[Event "Kragujevac"]
[Site "Kragujevac"]
[Date "1974.10.??"]
[Round "10"]
[White "Matulovic, Milan"]
[Black "Velimirovic, Dragoljub"]
[Result "1-0"]
[WhiteElo "2530"]
[BlackElo "2530"]
[PlyCount "39"]
[EventDate "1974.10.06"]
[EventType "tourn"]
[EventRounds "15"]
[EventCountry "YUG"]
[EventCategory "8"]
[Source "ChessBase"]
[SourceDate "1998.11.10"]
[WhiteTeamCountry "YUG"]
[BlackTeamCountry "FIN"]

1. e4 c5 2. Nf3 d6 3. d4 cxd4 4. Nxd4 Nf6 5. Nc3 g6 6. Be3 Bg7 7. f3 Nc6 8. Bc4
O-O 9. Qd2 Bd7 10. h4 Qc7 11. Bb3 Ne5 12. Bh6 Nc4 13. Bxc4 Bxh6 14. Qxh6 Qxc4
15. O-O-O Be6 16. h5 Kh8 17. hxg6 fxg6 18. Nxe6 Qxe6 19. Qxg6 Rg8 20. Rxh7+ 1-0

[Event "Kragujevac"]
[Site "Kragujevac"]
[Date "1974.10.??"]
[Round "11"]
[White "Velimirovic, Dragoljub"]
[Black "Tringov, Georgi"]
[Result "1-0"]
[WhiteElo "2530"]
[BlackElo "2465"]
[PlyCount "75"]
[EventDate "1974.10.06"]
[EventType "tourn"]
[EventRounds "15"]
[EventCountry "YUG"]
[EventCategory "8"]
[Source "ChessBase"]
[SourceDate "1998.11.10"]
[WhiteTeamCountry "YUG"]
[BlackTeamCountry "FIN"]

1. e4 c5 2. Nf3 e6 3. d4 cxd4 4. Nxd4 Nf6 5. Nc3 d6 6. g4 h6 7. g5 hxg5 8. Bxg5
Nc6 9. Qd2 a6 10. O-O-O Qb6 11. Nb3 Bd7 12. f3 Qc7 13. Kb1 Be7 14. Bd3 b5 15.
f4 b4 16. Ne2 a5 17. Nbd4 Nxd4 18. Nxd4 Qb6 19. Ne2 Bc6 20. Ng3 a4 21. f5 b3
22. cxb3 axb3 23. a3 Qb7 24. fxe6 fxe6 25. Qe2 Ra5 26. Bd2 Re5 27. Bf4 Rxe4 28.
Nxe4 Bxe4 29. Rhe1 Bxd3+ 30. Rxd3 e5 31. Bxe5 dxe5 32. Qxe5 Kf8 33. Qe6 Rxh2
34. Rxb3 Qc7 35. Rc1 Bc5 36. Rb5 Qd8 37. Rcxc5 Qd3+ 38. Ka2 1-0

[Event "Kragujevac"]
[Site "Kragujevac"]
[Date "1974.10.??"]
[Round "12"]
[White "Rajkovic, Dusan"]
[Black "Velimirovic, Dragoljub"]
[Result "1/2-1/2"]
[WhiteElo "2420"]
[BlackElo "2530"]
[PlyCount "93"]
[EventDate "1974.10.06"]
[EventType "tourn"]
[EventRounds "15"]
[EventCountry "YUG"]
[EventCategory "8"]
[Source "ChessBase"]
[SourceDate "1998.11.10"]
[WhiteTeamCountry "YUG"]
[BlackTeamCountry "FIN"]

1. e4 c5 2. Nf3 d6 3. Bb5+ Bd7 4. Bxd7+ Qxd7 5. c4 Nc6 6. d4 Qg4 7. O-O Nxd4 8.
Nxd4 Qxd1 9. Rxd1 cxd4 10. Rxd4 Nf6 11. Nc3 Rc8 12. b3 g6 13. Bb2 Bg7 14. Rd2
O-O 15. Re1 Bh6 16. Rde2 a6 17. g3 Rfe8 18. Kg2 Nd7 19. f4 Bg7 20. Nd1 b5 21.
Bxg7 Kxg7 22. Ne3 Nb6 23. cxb5 axb5 24. Rc2 Rc5 25. Rec1 Rec8 26. Kf3 e6 27. b4
Rxc2 28. Rxc2 Kf6 29. Rxc8 Nxc8 30. Nd1 Na7 31. Nc3 Ke7 32. g4 Kd7 33. g5 Kc6
34. Ne2 Kb6 35. Ke3 Nc6 36. a3 e5 37. Nc3 Nd4 38. Nd5+ Kc6 39. Nf6 Nc2+ 40. Kd3
Nxa3 41. fxe5 Nc4 42. exd6 Ne5+ 43. Kd4 Nf3+ 44. Ke3 Nxg5 45. e5 Ne6 46. Ke4 h5
47. Nd5 1/2-1/2

[Event "Kragujevac"]
[Site "Kragujevac"]
[Date "1974.10.??"]
[Round "13"]
[White "Velimirovic, Dragoljub"]
[Black "Jansa, Vlastimil"]
[Result "1-0"]
[WhiteElo "2530"]
[BlackElo "2535"]
[PlyCount "70"]
[EventDate "1974.10.06"]
[EventType "tourn"]
[EventRounds "15"]
[EventCountry "YUG"]
[EventCategory "8"]
[Source "ChessBase"]
[SourceDate "1998.11.10"]
[WhiteTeamCountry "YUG"]
[BlackTeamCountry "FIN"]

1. e4 c5 2. Nf3 e6 3. d4 cxd4 4. Nxd4 Nc6 5. Nc3 a6 6. Be2 Nge7 7. Be3 b5 8.
Nxc6 Nxc6 9. O-O Be7 10. f4 d6 11. Bd3 O-O 12. Qf3 Bb7 13. a3 b4 14. Na4 Rb8
15. Qh3 Bc8 16. Rad1 bxa3 17. e5 g6 18. exd6 Bxd6 19. Nc5 f5 20. bxa3 Qa5 21.
Nxa6 Rb2 22. Nb4 Nxb4 23. axb4 Rxb4 24. Kh1 Qc7 25. c4 Bc5 26. Rfe1 Rb3 27.
Bxc5 Qxc5 28. Qh4 Rb2 29. Bf1 Qc7 30. Rd4 Kg7 31. h3 Rf7 32. Qg3 Kg8 33. Red1
Rd7 34. Qe3 Rxd4 35. Qxd4 Qb7 1-0

[Event "Kragujevac"]
[Site "Kragujevac"]
[Date "1974.10.??"]
[Round "14"]
[White "Milicevic, Miodrag"]
[Black "Velimirovic, Dragoljub"]
[Result "0-1"]
[WhiteElo "2200"]
[BlackElo "2530"]
[PlyCount "78"]
[EventDate "1974.10.06"]
[EventType "tourn"]
[EventRounds "15"]
[EventCountry "YUG"]
[EventCategory "8"]
[Source "ChessBase"]
[SourceDate "1998.11.10"]
[WhiteTeamCountry "YUG"]
[BlackTeamCountry "FIN"]

1. d4 c5 2. d5 g6 3. e4 Bg7 4. f4 d6 5. Nf3 Nf6 6. Nc3 O-O 7. Bd3 a6 8. a4 e6
9. O-O exd5 10. exd5 Qc7 11. Nd2 Ng4 12. Qf3 Ne3 13. Re1 c4 14. Qxe3 cxd3 15.
cxd3 Nd7 16. Nc4 Nc5 17. Qf3 Bf5 18. Ne4 Nb3 19. Rb1 Bxe4 20. Qxe4 b5 21. axb5
axb5 22. Na3 Rae8 23. Qxe8 Bd4+ 24. Kh1 Rxe8 25. Rxe8+ Kg7 26. Be3 Qc5 27. Re1
Bxe3 28. R8xe3 Nd4 29. h3 Qxd5 30. Rc1 Qb3 31. Rb1 h5 32. Kh2 h4 33. Kh1 d5 34.
Re7 b4 35. Rc1 Nf5 36. Rb7 Qxb2 37. Rcc7 Nd6 38. Rb6 Qa1+ 39. Kh2 Qd4 0-1

[Event "Kragujevac"]
[Site "Kragujevac"]
[Date "1974.10.??"]
[Round "15"]
[White "Velimirovic, Dragoljub"]
[Black "Dimitrijevic, Milorad"]
[Result "1-0"]
[WhiteElo "2530"]
[BlackElo "2200"]
[PlyCount "153"]
[EventDate "1974.10.06"]
[EventType "tourn"]
[EventRounds "15"]
[EventCountry "YUG"]
[EventCategory "8"]
[Source "ChessBase"]
[SourceDate "1998.11.10"]
[WhiteTeamCountry "YUG"]
[BlackTeamCountry "FIN"]

1. e4 g6 2. d4 c6 3. c4 d5 4. exd5 cxd5 5. Nc3 Nf6 6. cxd5 Bg7 7. Bb5+ Nbd7 8.
d6 e6 9. Nf3 O-O 10. O-O a6 11. Bd3 b5 12. a4 b4 13. Ne4 Qa5 14. Bd2 Bb7 15.
Ng3 Rab8 16. Bf4 Nd5 17. Bg5 h6 18. Be7 Rfe8 19. Be4 Nxe7 20. Bxb7 Rxb7 21.
dxe7 Rxe7 22. Rc1 b3 23. Rc8+ Kh7 24. h4 Nb6 25. Rc5 Qxa4 26. h5 Rec7 27. hxg6+
fxg6 28. Re1 Rxc5 29. dxc5 Nc4 30. Rxe6 Nxb2 31. Ng5+ hxg5 32. Qb1 Nd3 33. Qxd3
Bf6 34. Nh5 Qa1+ 35. Kh2 Qe5+ 36. Rxe5 Bxe5+ 37. f4 b2 38. fxe5 b1=Q 39. Nf6+
Kg7 40. Qh3 Qb5 41. Qh7+ Kf8 42. Qxg6 g4 43. Qxg4 Rg7 44. Qf5 Qc6 45. g3 Rb7
46. e6 Rb2+ 47. Kh3 Qh1+ 48. Kg4 Rb7 49. Nd5+ Ke8 50. Qg6+ Kf8 51. Qf5+ Ke8 52.
e7 Rxe7 53. Qc8+ Kf7 54. Qf5+ Ke8 55. Nxe7 Kxe7 56. Qe5+ Kf7 57. Qf4+ Ke7 58.
Qf3 Qb1 59. Qe3+ Kd7 60. Qd4+ Ke8 61. Qe5+ Kd7 62. Qd5+ Ke7 63. Qd6+ Ke8 64.
Qe6+ Kd8 65. Qf5 Qb4+ 66. Kh5 a5 67. g4 a4 68. g5 Qc4 69. Qf6+ Kc8 70. Qc6+ Kd8
71. Qd6+ Ke8 72. Qe5+ Kd7 73. g6 a3 74. Qd6+ Ke8 75. c6 a2 76. Qd7+ Kf8 77.
Qd8+ 1-0